[Event "Sochi ChessAmateur op"]
[Site "Sochi"]
[Date "2018.04.04"]
[Round "6"]
[White "Ostroukh, Nikolay"]
[Black "Forostyanaya, Sofiya"]
[Result "1-0"]
[WhiteElo "1617"]
[BlackElo "1293"]
[PlyCount "69"]
[EventDate "2018.04.01"]
[EventType "swiss"]
[EventRounds "9"]
[EventCountry "RUS"]
[SourceTitle "CBM 184 Extra"]
[Source "ChessBase"]
[SourceDate "2018.06.28"]
[SourceVersion "1"]
[SourceVersionDate "2018.06.28"]
[SourceQuality "1"]

1. Nf3 f5 2. d3 d6 3. g3 e5 4. e4 g6 5. Bg2 c6 6. 0-0 Nf6 7. Nh4 fxe4 8. dxe4 Be6 9. Bg5 Nbd7 10. Nd2 Qb6 11. b3 Bg7 12. Be3 Qc7 13. h3 0-0-0 14. c4 Nb6 15. Qc2 Kb8 16. Rac1 Qd7 17. Kh2 Bf7 18. Nhf3 Rhe8 19. Rfd1 Qc7 20. b4 Rd7 21. a4 d5 22. cxd5 cxd5 23. Qxc7+ Rxc7 24. Rxc7 Kxc7 25. a5 Nc8 26. Ng5 Bg8 27. exd5 h6 28. Rc1+ Kb8 29. Ne6 Bxe6 30. dxe6 a6 31. f4 Rxe6 32. fxe5 Nd7 33. Bd5 Re7 34. e6 Nf8 35. Bf4+ 1-0